000 00282 a2200097 4500
090 _c4395
_d4395
100 _aT.J.Bentley
245 _aReport Writing in Busiess
_bThe Effective Communication of Information
260 _aViva Books
_bNew Delhi
_c2004
942 _aNBS
_cBK
_k808.066651 BEN
999 _c346840
_d346840